<?xml version="1.0" encoding="UTF-8"?>
<record
    xmlns:xsi="http://www.w3.org/2001/XMLSchema-instance"
    xsi:schemaLocation="http://www.loc.gov/MARC21/slim http://www.loc.gov/standards/marcxml/schema/MARC21slim.xsd"
    xmlns="http://www.loc.gov/MARC21/slim">

  <leader>01405nam a2200421Ia 4500</leader>
  <controlfield tag="001">dia_1335</controlfield>
  <controlfield tag="003">CHAP</controlfield>
  <controlfield tag="005">20230524171230.0</controlfield>
  <controlfield tag="007">ta</controlfield>
  <controlfield tag="008">220117s1982    mx adbofr     001 0 spa d</controlfield>
  <datafield tag="010" ind1=" " ind2=" ">
    <subfield code="a">171882</subfield>
  </datafield>
  <datafield tag="020" ind1=" " ind2=" ">
    <subfield code="a">968-6046-65-8</subfield>
  </datafield>
  <datafield tag="040" ind1=" " ind2=" ">
    <subfield code="c">CHAP</subfield>
    <subfield code="a">mxchpua</subfield>
  </datafield>
  <datafield tag="050" ind1=" " ind2=" ">
    <subfield code="a">QR41</subfield>
    <subfield code="b">.P45 1982</subfield>
  </datafield>
  <datafield tag="082" ind1=" " ind2=" ">
    <subfield code="a">576</subfield>
    <subfield code="b">P45 1982</subfield>
    <subfield code="2">20</subfield>
  </datafield>
  <datafield tag="100" ind1="1" ind2=" ">
    <subfield code="a">Pelczar, Michael J., Jr.</subfield>
    <subfield code="9">86613</subfield>
    <subfield code="e">autor</subfield>
  </datafield>
  <datafield tag="240" ind1="1" ind2="0">
    <subfield code="a">Microbiology.</subfield>
    <subfield code="l">Espa&#xF1;ol</subfield>
  </datafield>
  <datafield tag="245" ind1="1" ind2="0">
    <subfield code="a">Microbiolog&#xED;a /</subfield>
    <subfield code="c">Michael J. Pelczar Jr., Roger D. Reid y E. C. S. Chan ; traductores Antonio Capella Bustos y Jorge Tay Zavala</subfield>
  </datafield>
  <datafield tag="250" ind1=" " ind2=" ">
    <subfield code="a">2a edici&#xF3;n</subfield>
  </datafield>
  <datafield tag="264" ind1=" " ind2=" ">
    <subfield code="a">M&#xE9;xico :</subfield>
    <subfield code="b">McGraw-Hill,</subfield>
    <subfield code="c">1982</subfield>
  </datafield>
  <datafield tag="300" ind1=" " ind2=" ">
    <subfield code="a">xiv, 826 p&#xE1;ginas : </subfield>
    <subfield code="b">ilustraciones, tablas, gr&#xE1;ficas, fotos</subfield>
  </datafield>
  <datafield tag="336" ind1=" " ind2=" ">
    <subfield code="a">texto</subfield>
    <subfield code="b">txt</subfield>
    <subfield code="2">rdacontent</subfield>
  </datafield>
  <datafield tag="337" ind1=" " ind2=" ">
    <subfield code="a">sin medio</subfield>
    <subfield code="b">n</subfield>
    <subfield code="2">rdamedia</subfield>
  </datafield>
  <datafield tag="338" ind1=" " ind2=" ">
    <subfield code="a">volumen</subfield>
    <subfield code="b">nc</subfield>
    <subfield code="2">rdacarrier</subfield>
  </datafield>
  <datafield tag="504" ind1=" " ind2=" ">
    <subfield code="a">Incluye bibliograf&#xED;as</subfield>
  </datafield>
  <datafield tag="650" ind1="1" ind2="3">
    <subfield code="a">Microbiolog&#xED;a  </subfield>
    <subfield code="9">75490</subfield>
  </datafield>
  <datafield tag="650" ind1="1" ind2="3">
    <subfield code="a">Microorganismos  </subfield>
    <subfield code="9">75519</subfield>
  </datafield>
  <datafield tag="650" ind1="1" ind2="3">
    <subfield code="a">Microbiology  </subfield>
    <subfield code="9">150545</subfield>
  </datafield>
  <datafield tag="650" ind1="1" ind2="3">
    <subfield code="a">Microorganisms</subfield>
    <subfield code="9">150546</subfield>
  </datafield>
  <datafield tag="700" ind1="1" ind2=" ">
    <subfield code="a">Chan, E. C. S.</subfield>
    <subfield code="9">21815</subfield>
    <subfield code="e">autor</subfield>
  </datafield>
  <datafield tag="700" ind1="1" ind2=" ">
    <subfield code="a">Reid, Roger Delbert</subfield>
    <subfield code="9">150550</subfield>
    <subfield code="e">autor</subfield>
  </datafield>
  <datafield tag="700" ind1="1" ind2=" ">
    <subfield code="a">Capella Bustos, Antonio</subfield>
    <subfield code="9">150548</subfield>
    <subfield code="e">traductor</subfield>
  </datafield>
  <datafield tag="700" ind1="1" ind2=" ">
    <subfield code="a">Tay Zavala, Jorge</subfield>
    <subfield code="9">150549</subfield>
    <subfield code="e">traductor</subfield>
  </datafield>
  <datafield tag="901" ind1=" " ind2=" ">
    <subfield code="a">576 P45 1982</subfield>
  </datafield>
  <datafield tag="902" ind1=" " ind2=" ">
    <subfield code="a">M</subfield>
  </datafield>
  <datafield tag="905" ind1=" " ind2=" ">
    <subfield code="a">5232271984                          mx adfn8122223322spa16</subfield>
  </datafield>
  <datafield tag="942" ind1=" " ind2=" ">
    <subfield code="c">LIBRO</subfield>
    <subfield code="2">ddc</subfield>
  </datafield>
  <datafield tag="999" ind1=" " ind2=" ">
    <subfield code="c">171882</subfield>
    <subfield code="d">171882</subfield>
  </datafield>
  <datafield tag="952" ind1=" " ind2=" ">
    <subfield code="0">0</subfield>
    <subfield code="1">0</subfield>
    <subfield code="2">ddc</subfield>
    <subfield code="4">0</subfield>
    <subfield code="5">5</subfield>
    <subfield code="7">0</subfield>
    <subfield code="8">GRAL</subfield>
    <subfield code="a">IA_</subfield>
    <subfield code="b">IA_</subfield>
    <subfield code="d">1998-12-01</subfield>
    <subfield code="e">Compra</subfield>
    <subfield code="i">195926</subfield>
    <subfield code="l">7</subfield>
    <subfield code="o">576 P45 1982</subfield>
    <subfield code="p">1102004604</subfield>
    <subfield code="r">2024-09-06 11:29:49</subfield>
    <subfield code="s">2024-09-02</subfield>
    <subfield code="t">Ej. 2</subfield>
    <subfield code="w">2022-01-18</subfield>
    <subfield code="y">LIBRO</subfield>
  </datafield>
  <datafield tag="952" ind1=" " ind2=" ">
    <subfield code="0">0</subfield>
    <subfield code="1">0</subfield>
    <subfield code="2">ddc</subfield>
    <subfield code="4">0</subfield>
    <subfield code="5">1</subfield>
    <subfield code="7">0</subfield>
    <subfield code="8">GRAL</subfield>
    <subfield code="a">IA_</subfield>
    <subfield code="b">IA_</subfield>
    <subfield code="d">1998-12-01</subfield>
    <subfield code="e">Compra</subfield>
    <subfield code="i">195927</subfield>
    <subfield code="l">3</subfield>
    <subfield code="o">576 P45 1982</subfield>
    <subfield code="p">1102004603</subfield>
    <subfield code="r">2024-02-19 00:00:00</subfield>
    <subfield code="s">2023-04-10</subfield>
    <subfield code="t">Ej. 1</subfield>
    <subfield code="w">2022-01-18</subfield>
    <subfield code="y">LIBRO</subfield>
  </datafield>
  <datafield tag="952" ind1=" " ind2=" ">
    <subfield code="0">0</subfield>
    <subfield code="1">0</subfield>
    <subfield code="2">ddc</subfield>
    <subfield code="4">0</subfield>
    <subfield code="5">5</subfield>
    <subfield code="7">0</subfield>
    <subfield code="8">GRAL</subfield>
    <subfield code="a">IA_</subfield>
    <subfield code="b">IA_</subfield>
    <subfield code="d">2021-11-23</subfield>
    <subfield code="e">Donaci&#xF3;n</subfield>
    <subfield code="i">Donaci&#xF3;n</subfield>
    <subfield code="l">3</subfield>
    <subfield code="o">576 P45 1982</subfield>
    <subfield code="p">1102014801</subfield>
    <subfield code="r">2024-09-09 14:29:13</subfield>
    <subfield code="s">2024-09-02</subfield>
    <subfield code="t">Ej. 3</subfield>
    <subfield code="w">2023-05-24</subfield>
    <subfield code="y">LIBRO</subfield>
  </datafield>
</record>
